000 00370nam a2200145Ia 4500
005 20251222140036.0
008 251222s1900||||xx |||||||||||||| ||spa||
020 _a9972451461
082 _a149.97/M64
100 _aMirĂ³ Quesada Cantuarias, Francisco
245 0 _aEl Hombre, el Mundo, el Destino:
250 _a1ra.ed.
264 _bUniversidad de LIma
942 _cLIB
999 _c3132
_d3132